[Event "Cornella de Llobregat op 8th"]
[Site "Cornella de Llobregat"]
[Date "2022.11.28"]
[Round "9"]
[White "Castillo Escario, Yolanda"]
[Black "Palomeras Ustrell, Eduard"]
[Result "1-0"]
[WhiteElo "2035"]
[BlackElo "1750"]
[PlyCount "105"]
[EventDate "2022.09.26"]
[EventType "swiss"]
[EventRounds "9"]
[EventCountry "ESP"]
[SourceTitle "EXT 2024"]
[Source "ChessBase"]
[SourceDate "2023.10.10"]
[SourceVersion "1"]
[SourceVersionDate "2023.10.10"]
[SourceQuality "1"]

1. e4 e5 2. Nf3 Nc6 3. Nc3 Nf6 4. Bb5 Bb4 5. 0-0 0-0 6. d3 d6 7. Bg5 Bxc3 8. bxc3 Qe7 9. Re1 Nd8 10. d4 Ne6 11. Bd2 c6 12. Bd3 Qc7 13. Nh4 Nf4 14. Bxf4 exf4 15. e5 dxe5 16. dxe5 Ng4 17. Qe2 g6 18. h3 Nh6 19. Qe4 Nf5 20. Nxf5 Bxf5 21. Qxf4 Be6 22. Qh6 b5 23. Re4 Bd5 24. Rh4 f5 25. a4 a6 26. Re1 Rae8 27. Qe3 Qf7 28. Rf4 Qe6 29. Qb6 Ra8 30. Qc5 Rfe8 31. c4 bxc4 32. Bxc4 Bxc4 33. Qxc4 Qd5 34. Rd4 Qxc4 35. Rxc4 Re6 36. f4 Rd8 37. Kf2 Rd5 38. Re3 c5 39. Rd3 Rxd3 40. cxd3 Rc6 41. d4 Kf7 42. Rxc5 Rb6 43. d5 Rb4 44. Rc7+ Ke8 45. Kg3 Rxa4 46. Rxh7 Rd4 47. d6 a5 48. Ra7 a4 49. Kh4 Rxf4+ 50. Kg5 Re4 51. Kf6 Rb4 52. e6 Rb8 53. d7+ 1-0

[Event "Cornella de Llobregat op 8th"]
[Site "Cornella de Llobregat"]
[Date "2022.10.03"]
[Round "2"]
[White "Castillo Escario, Yolanda"]
[Black "Cebollada Saez, Joaquin"]
[Result "1-0"]
[WhiteElo "2035"]
[BlackElo "1737"]
[PlyCount "75"]
[EventDate "2022.09.26"]
[EventType "swiss"]
[EventRounds "9"]
[EventCountry "ESP"]
[SourceTitle "EXT 2024"]
[Source "ChessBase"]
[SourceDate "2023.10.10"]
[SourceVersion "1"]
[SourceVersionDate "2023.10.10"]
[SourceQuality "1"]

1. e4 c5 2. Nf3 d6 3. d4 cxd4 4. Qxd4 Nc6 5. Bb5 Bd7 6. Bxc6 Bxc6 7. Nc3 e5 8. Qd3 h6 9. Be3 Nf6 10. h3 Be7 11. 0-0-0 Qc7 12. Nb5 Bxb5 13. Qxb5+ Qc6 14. Qxc6+ bxc6 15. Nd2 0-0 16. g4 Ne8 17. Nc4 f6 18. Rd3 Kf7 19. f4 c5 20. Rhd1 Rc8 21. f5 Rc6 22. Ra3 a6 23. Rad3 h5 24. gxh5 Rh8 25. h6 gxh6 26. Rg1 Bf8 27. Bd2 Rg8 28. Rxg8 Kxg8 29. Rg3+ Kh7 30. Ne3 Rc7 31. Nd5 Rg7 32. Rxg7+ Bxg7 33. Kd1 h5 34. h4 Bh6 35. Bxh6 Kxh6 36. Kd2 Kg7 37. Kc3 Kf7 38. Kb3 1-0

[Event "ESP-chT CECLUB Div1"]
[Site "Sanxenxo"]
[Date "2022.09.21"]
[Round "5.2"]
[White "Castillo Escario, Yolanda"]
[Black "Pablos Tenrero, Raquel"]
[Result "1/2-1/2"]
[WhiteElo "2035"]
[BlackElo "1985"]
[PlyCount "160"]
[EventDate "2022.09.17"]
[EventType "team-tourn"]
[EventRounds "7"]
[EventCountry "ESP"]
[SourceTitle "CBM 210 Extra"]
[Source "ChessBase"]
[SourceDate "2022.11.30"]
[SourceVersion "1"]
[SourceVersionDate "2022.11.30"]
[SourceQuality "1"]
[WhiteTeam "Barbera"]
[BlackTeam "Collado Villalba"]
[WhiteTeamCountry "ESP"]
[BlackTeamCountry "ESP"]

1. e4 c5 2. Nf3 Nc6 3. d4 cxd4 4. Nxd4 e5 5. Nb5 d6 6. N1c3 a6 7. Na3 Be7 8. Nc4 b5 9. Ne3 Nf6 10. Bd3 0-0 11. 0-0 Be6 12. Ncd5 Rb8 13. c3 Na5 14. b4 Nc4 15. Nxc4 bxc4 16. Bxc4 Nxe4 17. Qd3 Bxd5 18. Bxd5 Nf6 19. a4 Qc7 20. Bd2 Rfc8 21. Rfd1 g6 22. Rac1 a5 23. Ba2 Bf8 24. Bg5 Nd7 25. Qd5 Nb6 26. Qxa5 Ra8 27. Qb5 Rxa4 28. Be3 Rxa2 29. Bxb6 Qb7 30. Qd5 Qxd5 31. Rxd5 Rxc3 32. Rf1 Rb3 33. Bc7 Rxb4 34. Bxd6 Bxd6 35. Rxd6 Rbb2 36. Rf6 Kg7 37. Rf3 e4 38. Re3 f5 39. g3 Kf6 40. h4 g5 41. hxg5+ Kxg5 42. Rc3 h5 43. Re3 Kg4 44. Kg2 Kg5 45. Kg1 Rd2 46. Kg2 Kg4 47. Kg1 Rab2 48. Kg2 Rbc2 49. Kg1 Kh3 50. Rb3 Re2 51. Rb5 Kg4 52. Kg2 Kg5 53. Rb4 h4 54. gxh4+ Kxh4 55. Rb3 f4 56. Rh3+ Kg4 57. Rh8 f3+ 58. Kg1 Kf5 59. Rf8+ Kg6 60. Rg8+ Kf7 61. Rg3 Ke6 62. Rg5 Kf6 63. Rg8 Rc7 64. Rg3 Kf5 65. Ra1 Kf4 66. Rg6 Rc5 67. Rf6+ Rf5 68. Rg6 Rg5+ 69. Rxg5 Kxg5 70. Kf1 Rc2 71. Ke1 Re2+ 72. Kf1 Kf4 73. Rb1 Ra2 74. Ke1 Ke5 75. Rd1 Rb2 76. Kf1 e3 77. fxe3 Ke4 78. Ra1 Kxe3 79. Ra3+ Kf4 80. Ra8 Ke5 1/2-1/2

[Event "ESP-chT CECLUB Div1"]
[Site "Sanxenxo"]
[Date "2022.09.17"]
[Round "1.2"]
[White "Dorado Meijide, Andrea"]
[Black "Castillo Escario, Yolanda"]
[Result "1-0"]
[WhiteElo "1801"]
[BlackElo "2035"]
[PlyCount "93"]
[EventDate "2022.09.17"]
[EventType "team-tourn"]
[EventRounds "7"]
[EventCountry "ESP"]
[SourceTitle "CBM 210 Extra"]
[Source "ChessBase"]
[SourceDate "2022.11.30"]
[SourceVersion "1"]
[SourceVersionDate "2022.11.30"]
[SourceQuality "1"]
[WhiteTeam "Sanxenxo Fontecarmoa"]
[BlackTeam "Barbera"]
[WhiteTeamCountry "ESP"]
[BlackTeamCountry "ESP"]

1. e4 e5 2. Nf3 Nc6 3. Bb5 Nge7 4. 0-0 g6 5. d4 exd4 6. Nxd4 Bg7 7. Nxc6 bxc6 8. Bc4 0-0 9. Nc3 Rb8 10. Qe2 d6 11. Rd1 Be6 12. Bb3 Qc8 13. Bg5 f6 14. Be3 a5 15. Qd2 Bf7 16. Bh6 Qg4 17. Bxg7 Kxg7 18. Qe3 c5 19. h3 Qc8 20. Bxf7 Rxf7 21. b3 Qe6 22. Nd5 Nxd5 23. exd5 Qxe3 24. fxe3 Re7 25. Kf2 Rbe8 26. Rd3 Re4 27. Rf1 a4 28. Ra1 f5 29. g3 Kf6 30. Rf1 Ke7 31. Ke2 Kd7 32. Kd2 c4 33. bxc4 Rxc4 34. Rf4 Ree4 35. Rxe4 Rxe4 36. c3 c6 37. dxc6+ Kxc6 38. Rd4 Kc5 39. Kd3 d5 40. a3 g5 41. g4 fxg4 42. hxg4 Rxd4+ 43. cxd4+ Kb5 44. e4 dxe4+ 45. Kxe4 Kc6 46. d5+ Kd6 47. Kd4 1-0

[Event "Catalunya-chT Gp2"]
[Site "Barcelona"]
[Date "2019.01.19"]
[Round "1.10"]
[White "Sala Huguet, Santiago"]
[Black "Castillo Escario, Yolanda"]
[Result "0-1"]
[WhiteElo "1728"]
[BlackElo "2014"]
[PlyCount "46"]
[EventDate "2019.01.19"]
[EventType "team-tourn"]
[EventRounds "7"]
[EventCountry "ESP"]
[SourceTitle "CBM 188 Extra"]
[Source "ChessBase"]
[SourceDate "2019.02.26"]
[SourceVersion "1"]
[SourceVersionDate "2019.02.26"]
[SourceQuality "1"]
[WhiteTeam "Olot"]
[BlackTeam "Barbera"]
[WhiteTeamCountry "ESP"]
[BlackTeamCountry "ESP"]

1. d4 d5 2. Bf4 Nf6 3. e3 e6 4. Nf3 Bd6 5. Bg3 Nc6 6. c3 0-0 7. Bd3 Qe7 8. Ne5 Nd7 9. f4 f6 10. Nxc6 bxc6 11. Nd2 e5 12. Qh5 g6 13. Bxg6 hxg6 14. Qxg6+ Qg7 15. Qxg7+ Kxg7 16. Nf3 exf4 17. Bxf4 Nb6 18. Nd2 Bxf4 19. exf4 Re8+ 20. Kd1 Na4 21. Kc2 Rb8 22. b4 Re3 23. Rae1 Rxc3+ 0-1

[Event "Cornella Pinol Memorial 6th"]
[Site "Cornella de Llobregat"]
[Date "2018.10.15"]
[Round "4"]
[White "Oliver Martinez Fornes, Carlos"]
[Black "Castillo Escario, Yolanda"]
[Result "0-1"]
[WhiteElo "2058"]
[BlackElo "2005"]
[PlyCount "75"]
[EventDate "2018.09.24"]
[EventType "swiss"]
[EventRounds "9"]
[EventCountry "ESP"]
[SourceTitle "CBM 187 Extra"]
[Source "ChessBase"]
[SourceDate "2018.11.04"]
[SourceVersion "1"]
[SourceVersionDate "2018.11.04"]
[SourceQuality "1"]

1. d4 d5 2. c4 c6 3. cxd5 cxd5 4. Bf4 Nf6 5. Nc3 Nc6 6. e3 a6 7. Be2 e6 8. h3 Bd6 9. Bxd6 Qxd6 10. f4 b5 11. a3 g5 12. g3 Ne4 13. Nxe4 dxe4 14. Rc1 Bb7 15. Rc5 Rg8 16. h4 gxf4 17. gxf4 Ne7 18. Kf2 Nf5 19. Bg4 Nxd4 20. Rg5 Ke7 21. Ne2 h6 22. Rxg8 Rxg8 23. Nxd4 Bd5 24. Be2 Kd7 25. Rg1 Rc8 26. h5 Qe7 27. Rg3 Qf6 28. Kg2 Ke7 29. Qd2 Kd7 30. Qb4 e5 31. Bg4+ Be6 32. Nxe6 Rc2+ 33. Kh3 fxe6 34. Qb3 Rd2 35. Qb4 Rc2 36. Qxe4 exf4 37. Bxe6+ Qxe6+ 38. Rg4 0-1

[Event "Barcelona Puig Memorial op 2nd"]
[Site "Barcelona"]
[Date "2016.11.16"]
[Round "7"]
[White "Castillo Escario, Yolanda"]
[Black "Hernando Rodrigo, Julio Antonio"]
[Result "0-1"]
[WhiteElo "2033"]
[BlackElo "2301"]
[PlyCount "44"]
[EventDate "2016.09.28"]
[EventType "swiss"]
[EventRounds "9"]
[EventCountry "ESP"]
[SourceTitle "EXT 2018"]
[Source "ChessBase"]
[SourceDate "2017.10.13"]
[SourceVersion "1"]
[SourceVersionDate "2017.10.13"]
[SourceQuality "1"]

1. d4 Nf6 2. Nf3 g6 3. Bg5 Bg7 4. Nbd2 c5 5. c3 cxd4 6. cxd4 0-0 7. e3 Nc6 8. Bd3 d6 9. 0-0 h6 10. Bxf6 Bxf6 11. Rc1 Bd7 12. Re1 Rc8 13. Bb1 b5 14. Ne4 Bg7 15. Ng3 Qb6 16. b3 Nb4 17. Qd2 Qa5 18. h4 h5 19. Ng5 Qa3 20. Ne2 Nd5 21. Ng3 b4 22. Ne2 Bh6 0-1

[Event "Foment Martinenc op-A 17th"]
[Site "Barcelona"]
[Date "2015.05.30"]
[Round "6"]
[White "Castillo Escario, Yolanda"]
[Black "Blasco Benito, Albert"]
[Result "0-1"]
[WhiteElo "2024"]
[BlackElo "2079"]
[PlyCount "110"]
[EventDate "2015.04.25"]
[EventType "swiss"]
[EventRounds "9"]
[EventCountry "ESP"]
[SourceTitle "EXT 2017"]
[Source "ChessBase"]
[SourceDate "2016.10.25"]
[SourceVersion "1"]
[SourceVersionDate "2016.10.25"]
[SourceQuality "1"]

1. e4 e5 2. Nf3 Nc6 3. Nc3 Nf6 4. Bb5 Nd4 5. Nxd4 exd4 6. e5 dxc3 7. exf6 Qxf6 8. dxc3 Qe5+ 9. Be2 Bc5 10. 0-0 0-0 11. Bd3 d6 12. Qf3 c6 13. Bf4 Qf6 14. Qg3 Bf5 15. b4 Bxd3 16. cxd3 Bb6 17. Bxd6 Rfe8 18. d4 Qe6 19. Bf4 a5 20. bxa5 Bxa5 21. Rfc1 Bd8 22. Qe3 b5 23. Qxe6 Rxe6 24. Kf1 Ra3 25. c4 g5 26. Bg3 bxc4 27. Rxc4 Bf6 28. Bc7 c5 29. d5 Bxa1 30. dxe6 fxe6 31. Rxc5 h6 32. Rc2 Kf7 33. Ke2 e5 34. Bd6 Ra6 35. Bb4 Ke6 36. a3 Bd4 37. f3 Bg1 38. h3 Kf5 39. Rc4 Bd4 40. g3 h5 41. Rc8 h4 42. gxh4 gxh4 43. Rf8+ Kg5 44. Be7+ Kg6 45. Rh8 Bb2 46. Kd3 e4+ 47. Kxe4 Bxh8 48. f4 Bf6 49. Bb4 Bb2 50. f5+ Kf7 51. Kf4 Bxa3 52. Bc3 Be7 53. Be5 Ra4+ 54. Kf3 Bg5 55. Kg2 Ra5 0-1

[Event "Foment Martinenc op-A 17th"]
[Site "Barcelona"]
[Date "2015.05.23"]
[Round "5"]
[White "Martinez Lopez, Carlos"]
[Black "Castillo Escario, Yolanda"]
[Result "1/2-1/2"]
[WhiteElo "1998"]
[BlackElo "2024"]
[PlyCount "136"]
[EventDate "2015.04.25"]
[EventType "swiss"]
[EventRounds "9"]
[EventCountry "ESP"]
[SourceTitle "EXT 2017"]
[Source "ChessBase"]
[SourceDate "2016.10.25"]
[SourceVersion "1"]
[SourceVersionDate "2016.10.25"]
[SourceQuality "1"]

1. e4 e5 2. Nf3 Nc6 3. Bb5 a6 4. Ba4 Nf6 5. d3 d6 6. c3 g6 7. 0-0 Bg7 8. Nbd2 0-0 9. Re1 b5 10. Bc2 Re8 11. Nf1 h6 12. a4 Bb7 13. b4 d5 14. a5 d4 15. Bd2 dxc3 16. Bxc3 Qd6 17. Rb1 Nh5 18. Ng3 Nf4 19. Ne2 Ne6 20. Qc1 Rad8 21. Rd1 Qe7 22. Qb2 Ng5 23. Nxg5 Qxg5 24. Bb3 Qe7 25. f3 Kh7 26. Bd5 Rd6 27. Bd2 Nd8 28. Bxb7 Nxb7 29. Be3 Red8 30. Qc2 R8d7 31. Rd2 Bf6 32. g3 c5 33. Bxc5 Nxc5 34. Qxc5 Rxd3 35. Rxd3 Rxd3 36. Kf2 Bg5 37. Qxe7 Bxe7 38. f4 exf4 39. Nxf4 Rd4 40. Nd5 Rxe4 41. Nxe7 Rxe7 42. Rc1 Re6 43. Rc7 Kg7 44. Kf3 Kf6 45. Rc5 Rd6 46. Ke4 Ke6 47. g4 f6 48. h3 Kd7 49. h4 Rd1 50. h5 f5+ 51. gxf5 gxh5 52. f6 h4 53. Rh5 Ke6 54. Rxh4 Kxf6 55. Rxh6+ Ke7 56. Rxa6 Rb1 57. Kd4 Rxb4+ 58. Kc5 Rb1 59. Rb6 Kd7 60. Rb7+ Kc8 61. Kb6 Rh1 62. Rc7+ Kb8 63. Rg7 Rh8 64. Kxb5 Ka8 65. a6 Rf8 66. Rg3 Ka7 67. Rg7+ Ka8 68. Kb6 Rf6+ 1/2-1/2

[Event "Foment Martinenc op-A 17th"]
[Site "Barcelona"]
[Date "2015.05.16"]
[Round "4"]
[White "Castillo Escario, Yolanda"]
[Black "Ros Montes, Daniel"]
[Result "1-0"]
[WhiteElo "2024"]
[BlackElo "2010"]
[PlyCount "89"]
[EventDate "2015.04.25"]
[EventType "swiss"]
[EventRounds "9"]
[EventCountry "ESP"]
[SourceTitle "EXT 2017"]
[Source "ChessBase"]
[SourceDate "2016.10.25"]
[SourceVersion "1"]
[SourceVersionDate "2016.10.25"]
[SourceQuality "1"]

1. d4 Nf6 2. Nf3 e6 3. Bg5 h6 4. Bh4 g5 5. Bg3 Ne4 6. Nbd2 Nxg3 7. hxg3 Bg7 8. c3 b6 9. g4 Bb7 10. Qc2 c5 11. e3 Nc6 12. Rd1 d5 13. dxc5 bxc5 14. Ne4 Qe7 15. Ng3 Ne5 16. Bb5+ Kf8 17. Nxe5 Bxe5 18. Nh5 a5 19. Qa4 Qc7 20. 0-0 Ba6 21. Rd2 Bxb5 22. Qxb5 Rb8 23. Qa4 Ke7 24. Rfd1 Rhd8 25. Qc2 Rb7 26. g3 Rdb8 27. Qc1 Rb6 28. f4 Bh8 29. Rh2 c4 30. Rdd2 Qc5 31. Rde2 a4 32. Kf2 a3 33. bxa3 Rb1 34. Qc2 R1b2 35. Qh7 Rxe2+ 36. Kxe2 Rb2+ 37. Kf3 Rxh2 38. Qxh8 Qxa3 39. Qf6+ Kd7 40. Qxf7+ Qe7 41. Nf6+ Kd8 42. Qg8+ Kc7 43. fxg5 hxg5 44. Qxg5 Rxa2 45. Nxd5+ 1-0

[Event "Barcelona Sant Marti op-A 16th"]
[Site "Barcelona"]
[Date "2014.07.21"]
[Round "9"]
[White "Romero Gamez, Francisco Javier"]
[Black "Castillo Escario, Yolanda"]
[Result "0-1"]
[WhiteElo "1795"]
[BlackElo "2029"]
[PlyCount "84"]
[EventDate "2014.07.13"]
[EventType "swiss"]
[EventRounds "9"]
[EventCountry "ESP"]
[SourceTitle "CBM 161 Extra"]
[Source "ChessBase"]
[SourceDate "2014.08.29"]
[SourceVersion "1"]
[SourceVersionDate "2014.08.29"]
[SourceQuality "1"]

1. e4 e5 2. Nf3 Nc6 3. Bb5 a6 4. Ba4 Nf6 5. 0-0 Nxe4 6. d4 b5 7. Bb3 d5 8. dxe5 Be6 9. c3 Nc5 10. Bc2 Be7 11. Re1 0-0 12. Nbd2 d4 13. cxd4 Nxd4 14. Nxd4 Qxd4 15. Nf3 Qxd1 16. Bxd1 Nd3 17. Rf1 c5 18. Be2 Rfd8 19. h3 c4 20. Bxd3 Rxd3 21. Bf4 Rad8 22. Rfc1 h6 23. Ne1 R3d5 24. Nc2 Bc5 25. a3 a5 26. Ne1 Bd4 27. Ra2 Bxe5 28. Bxe5 Rxe5 29. Nf3 Re2 30. Kf1 Re4 31. Raa1 Bf5 32. Re1 Ree8 33. Rxe8+ Rxe8 34. Nd4 Bd3+ 35. Kg1 b4 36. axb4 axb4 37. Rc1 Rc8 38. Kh2 Kf8 39. Kg3 Ke7 40. Kf3 Kd6 41. Ke3 Re8+ 42. Kf3 Kd5 0-1

[Event "Barcelona Sant Marti op-A 16th"]
[Site "Barcelona"]
[Date "2014.07.13"]
[Round "1"]
[White "Cruz Estrada, Filemon"]
[Black "Castillo Escario, Yolanda"]
[Result "1-0"]
[WhiteElo "2412"]
[BlackElo "2029"]
[PlyCount "91"]
[EventDate "2014.07.13"]
[EventType "swiss"]
[EventRounds "9"]
[EventCountry "ESP"]
[SourceTitle "CBM 161 Extra"]
[Source "ChessBase"]
[SourceDate "2014.08.29"]
[SourceVersion "1"]
[SourceVersionDate "2014.08.29"]
[SourceQuality "1"]

1. d4 d5 2. Nf3 Nf6 3. c4 c6 4. e3 e6 5. Qc2 Bd6 6. b3 0-0 7. Bb2 Nbd7 8. Nbd2 Re8 9. Ne5 Qc7 10. f4 Bb4 11. Bd3 Qa5 12. a3 Bxd2+ 13. Qxd2 Qxd2+ 14. Kxd2 Ne4+ 15. Ke2 f5 16. Rag1 Ndf6 17. g3 Re7 18. a4 c5 19. h3 cxd4 20. Bxd4 Nh5 21. Bxe4 fxe4 22. cxd5 exd5 23. g4 Nf6 24. Rc1 b6 25. Nc6 Ba6+ 26. Kd2 Rf7 27. Bxf6 gxf6 28. Nd4 Rc8 29. Rxc8+ Bxc8 30. Rc1 Ba6 31. Rc6 Kg7 32. Rd6 Bb7 33. Ne6+ Kg6 34. f5+ Kh6 35. Nd8 Rc7 36. h4 Bc8 37. Rxf6+ Kg7 38. g5 Rd7 39. Nc6 Rc7 40. Nd4 Rf7 41. Rxf7+ Kxf7 42. Ke2 Bd7 43. Kf2 a6 44. Kg3 Ke7 45. Kf4 Kd6 46. h5 1-0

[Event "Barbera del Valles op 37th"]
[Site "Barbera del Valles"]
[Date "2014.07.10"]
[Round "7"]
[White "Castillo Escario, Yolanda"]
[Black "Orteu Capdevila, Max"]
[Result "1/2-1/2"]
[WhiteElo "2029"]
[BlackElo "1808"]
[PlyCount "60"]
[EventDate "2014.07.04"]
[EventType "swiss"]
[EventRounds "9"]
[EventCountry "ESP"]
[SourceTitle "CBM 161 Extra"]
[Source "ChessBase"]
[SourceDate "2014.08.29"]
[SourceVersion "1"]
[SourceVersionDate "2014.08.29"]
[SourceQuality "1"]

1. e4 c5 2. Nf3 d6 3. d4 cxd4 4. Qxd4 Nc6 5. Bb5 Bd7 6. Bxc6 Bxc6 7. Nc3 e5 8. Qd3 h6 9. 0-0 Nf6 10. h3 Be7 11. Be3 0-0 12. Rad1 Qc7 13. Nd2 b6 14. f4 Qb7 15. Rf2 Rad8 16. Rdf1 d5 17. fxe5 Nxe4 18. Ndxe4 dxe4 19. Qc4 Bd5 20. Qe2 Bc5 21. Rf4 Qe7 22. Nxd5 Rxd5 23. Rxe4 Rxe5 24. Bxc5 Qxc5+ 25. Kh1 Rfe8 26. Rxe5 Qxe5 27. Qxe5 Rxe5 28. Rf2 Kf8 29. Rd2 Ke7 30. Kg1 Rf5 1/2-1/2

[Event "Barcelona Vila de Gracia op 7th"]
[Site "Barcelona"]
[Date "2013.12.13"]
[Round "8"]
[White "Corominas Garrido, Jordi"]
[Black "Castillo Escario, Yolanda"]
[Result "1-0"]
[WhiteElo "1916"]
[BlackElo "2033"]
[PlyCount "133"]
[EventDate "2013.10.11"]
[EventType "swiss"]
[EventRounds "9"]
[EventCountry "ESP"]
[SourceTitle "EXT 2015"]
[Source "ChessBase"]
[SourceDate "2014.11.20"]
[SourceVersion "1"]
[SourceVersionDate "2014.11.20"]
[SourceQuality "1"]

1. c4 c6 2. Nf3 d5 3. b3 Bf5 4. Bb2 e6 5. g3 h6 6. Bg2 Nf6 7. 0-0 Be7 8. d3 0-0 9. Qd2 Nbd7 10. Na3 Qb6 11. cxd5 exd5 12. Nc2 Rfe8 13. Bc3 Qc7 14. Rac1 a6 15. b4 Qd6 16. Ncd4 Be6 17. Nb3 Ng4 18. a3 Bf6 19. Nc5 b6 20. Nxe6 fxe6 21. h3 Nge5 22. Nxe5 Bxe5 23. Bxe5 Nxe5 24. Rc2 c5 25. Rfc1 Rac8 26. f4 Nd7 27. e4 dxe4 28. dxe4 Qxd2 29. Rxd2 Rc7 30. Rd6 e5 31. Rcd1 Re7 32. fxe5 cxb4 33. axb4 Nxe5 34. Rxb6 Nc4 35. Rxa6 Ne3 36. Re1 Nxg2 37. Kxg2 Rc4 38. Ra3 Rxb4 39. Kf3 Kf7 40. e5 Ke6 41. Re4 Rb5 42. Ra6+ Kf7 43. Kf4 Rb1 44. Kf5 Rf1+ 45. Kg4 h5+ 46. Kg5 Rg1 47. Re3 Rf1 48. e6+ Kg8 49. Kxh5 Rf5+ 50. Kg4 Rf6 51. Kg5 Kh7 52. g4 Re8 53. h4 Re7 54. h5 Re8 55. Re4 Re7 56. Kh4 Rf8 57. Ra3 Rf6 58. Rae3 g6 59. Kg5 Rf2 60. hxg6+ Kg7 61. Rh3 Kg8 62. Rh7 Re8 63. e7 Ra2 64. Rf4 Ra5+ 65. Kh6 Ra6 66. Rf8+ Rxf8 67. Rh8+ 1-0

[Event "Barcelona Sant Marti op-A 15th"]
[Site "Barcelona"]
[Date "2013.07.18"]
[Round "6"]
[White "Meza Martinez, Alcides Ivan"]
[Black "Castillo Escario, Yolanda"]
[Result "0-1"]
[WhiteElo "2105"]
[BlackElo "1997"]
[PlyCount "116"]
[EventDate "2013.07.13"]
[EventType "swiss"]
[EventRounds "9"]
[EventCountry "ESP"]
[SourceTitle "CBM 155 Extra"]
[Source "ChessBase"]
[SourceDate "2013.08.26"]
[SourceVersion "1"]
[SourceVersionDate "2013.08.26"]
[SourceQuality "1"]

1. c4 c6 2. Nf3 d5 3. g3 Nf6 4. Bg2 Bf5 5. b3 e6 6. Bb2 Be7 7. 0-0 0-0 8. Nh4 Be4 9. Nf3 h6 10. Nc3 Bh7 11. d4 Nbd7 12. Re1 Qc7 13. Rc1 Rad8 14. Nd2 Qa5 15. a3 Qb6 16. e3 a5 17. Qe2 Rfe8 18. Red1 Bg6 19. h3 Nh7 20. c5 Qc7 21. f4 f6 22. b4 axb4 23. axb4 b5 24. Nb3 f5 25. Ra1 Ra8 26. Na5 Nb8 27. Nb1 Nf6 28. Bf3 Na6 29. Bc3 Ra7 30. Na3 Rea8 31. Nc2 Bd8 32. Ra3 Qd7 33. Kh2 Nxb4 34. Bxb4 Bxa5 35. Bxa5 Rxa5 36. Rxa5 Rxa5 37. Nb4 Ra4 38. Rb1 Be8 39. Nd3 Qa7 40. Ne5 Bd7 41. Rb2 Be8 42. g4 Qb7 43. g5 hxg5 44. fxg5 Nd7 45. Nxd7 Qxd7 46. h4 g6 47. Kh3 Qb7 48. Qh2 Ra3 49. Qe5 Bf7 50. h5 gxh5 51. g6 Bxg6 52. Rg2 Kh7 53. Qxe6 Qf7 54. Qe5 f4 55. Rxg6 Qxg6 56. Qxf4 Qe6+ 57. Kh4 Rxe3 58. Kxh5 Qg6+ 0-1

[Event "Barcelona Sant Marti op-A 15th"]
[Site "Barcelona"]
[Date "2013.07.15"]
[Round "3"]
[White "Castillo Escario, Yolanda"]
[Black "Amores Gago, Javier"]
[Result "1-0"]
[WhiteElo "1997"]
[BlackElo "2167"]
[PlyCount "101"]
[EventDate "2013.07.13"]
[EventType "swiss"]
[EventRounds "9"]
[EventCountry "ESP"]
[SourceTitle "CBM 155 Extra"]
[Source "ChessBase"]
[SourceDate "2013.08.26"]
[SourceVersion "1"]
[SourceVersionDate "2013.08.26"]
[SourceQuality "1"]

1. e4 d6 2. d4 Nf6 3. Nc3 e5 4. dxe5 dxe5 5. Qxd8+ Kxd8 6. Bc4 Be6 7. Bxe6 fxe6 8. Be3 c6 9. Nf3 Bd6 10. 0-0-0 Ke7 11. Ng5 Bb4 12. a3 Bxc3 13. Bc5+ Ke8 14. bxc3 Nbd7 15. Bd6 h6 16. Nxe6 Kf7 17. Nc7 Rac8 18. f4 Nxe4 19. fxe5 Ndc5 20. e6+ Nxe6 21. Nxe6 Kxe6 22. Rhe1 Kf5 23. g4+ Kxg4 24. Rxe4+ Kf5 25. Re5+ Kg6 26. Rg1+ Kf6 27. Re2 Rhe8 28. Rf1+ Kg6 29. Rfe1 Rxe2 30. Rxe2 Rd8 31. Be5 Rd7 32. Rg2+ Kh7 33. Bd4 b6 34. Rd2 g5 35. Bf6 Rf7 36. Rd6 c5 37. Re6 Kg6 38. Bd8+ Kf5 39. Rxh6 Rd7 40. Bf6 Rf7 41. Bh8 g4 42. c4 Kg5 43. Rd6 Rf1+ 44. Kb2 Rf7 45. Be5 Kf5 46. Bg3 Ke4 47. c3 Rh7 48. Rg6 Kf3 49. Rc6 b5 50. Kb3 bxc4+ 51. Kxc4 1-0

[Event "Catalunya-ch (Women) 70th"]
[Site "Lleida"]
[Date "2012.12.??"]
[Round "2"]
[White "Castillo Escario, Yolanda"]
[Black "Ruiz Font, Elisabet"]
[Result "1/2-1/2"]
[WhiteElo "1947"]
[BlackElo "2070"]
[PlyCount "69"]
[EventDate "2012.12.06"]
[EventType "swiss"]
[EventRounds "6"]
[EventCountry "ESP"]
[SourceTitle "EXT 2017"]
[Source "ChessBase"]
[SourceDate "2016.10.25"]
[SourceVersion "1"]
[SourceVersionDate "2016.10.25"]
[SourceQuality "1"]

1. e4 c5 2. Nf3 g6 3. d4 cxd4 4. Nxd4 Nc6 5. c4 Nf6 6. Nc3 d6 7. Be2 Bg7 8. Be3 0-0 9. 0-0 Bd7 10. Qd2 Nxd4 11. Bxd4 Bc6 12. f3 Nd7 13. Be3 a5 14. b3 Nc5 15. Rab1 Qb6 16. Rfd1 Rfc8 17. a3 Qd8 18. b4 axb4 19. axb4 Na4 20. Nxa4 Bxa4 21. Rdc1 Bd7 22. c5 dxc5 23. Rxc5 Rxc5 24. Bxc5 b6 25. Be3 Qc7 26. Rc1 Ra1 27. Rxa1 Bxa1 28. Qa2 Be5 29. h3 Qc3 30. Qd2 Qxd2 31. Bxd2 Bd4+ 32. Kf1 b5 33. Bd3 Kf8 34. Ke2 e5 35. Be3 1/2-1/2

[Event "Catalunya-ch (Women) 70th"]
[Site "Lleida"]
[Date "2012.12.??"]
[Round "1"]
[White "Martin Dinares, Laura"]
[Black "Castillo Escario, Yolanda"]
[Result "0-1"]
[WhiteElo "1590"]
[BlackElo "1947"]
[PlyCount "46"]
[EventDate "2012.12.06"]
[EventType "swiss"]
[EventRounds "6"]
[EventCountry "ESP"]
[SourceTitle "EXT 2017"]
[Source "ChessBase"]
[SourceDate "2016.10.25"]
[SourceVersion "1"]
[SourceVersionDate "2016.10.25"]
[SourceQuality "1"]

1. e4 e5 2. Nc3 Nf6 3. g3 Bc5 4. Bg2 Nc6 5. Nge2 0-0 6. 0-0 a6 7. d3 h6 8. a3 d6 9. Kh1 Ng4 10. Qe1 f5 11. h3 f4 12. hxg4 f3 13. Bxf3 Rxf3 14. Kg2 Bxg4 15. Ng1 Nd4 16. Qd2 Qf8 17. Nd1 Ne6 18. Qe1 Rf6 19. Be3 Nd4 20. Qd2 Nf3 21. Nxf3 Bxf3+ 22. Kg1 Qf7 23. Bxc5 Qh5 0-1

[Event "Catalunya-ch (Women) 70th"]
[Site "Lleida"]
[Date "2012.12.??"]
[Round "6"]
[White "Riera Morilla, Elizabeth"]
[Black "Castillo Escario, Yolanda"]
[Result "1-0"]
[WhiteElo "1974"]
[BlackElo "1947"]
[PlyCount "115"]
[EventDate "2012.12.06"]
[EventType "swiss"]
[EventRounds "6"]
[EventCountry "ESP"]
[SourceTitle "EXT 2017"]
[Source "ChessBase"]
[SourceDate "2016.10.25"]
[SourceVersion "1"]
[SourceVersionDate "2016.10.25"]
[SourceQuality "1"]

1. e4 e5 2. Nf3 Nc6 3. Bb5 a6 4. Ba4 Nf6 5. d3 d6 6. c3 g6 7. Nbd2 Bg7 8. Nf1 0-0 9. Ng3 b5 10. Bc2 h6 11. 0-0 d5 12. Qe2 Re8 13. h3 d4 14. a3 Bb7 15. Nh2 Qd7 16. Bb3 Rad8 17. Rd1 Qd6 18. h4 Na5 19. Ba2 Bc8 20. b4 Nb7 21. c4 bxc4 22. Bxc4 Be6 23. Bxe6 Rxe6 24. h5 c5 25. hxg6 fxg6 26. bxc5 Nxc5 27. Bd2 Qd7 28. Bb4 Rc6 29. Nf3 Qc7 30. Nd2 a5 31. Bxc5 Rxc5 32. Nc4 Rb8 33. Qa2 Qf7 34. a4 Bf8 35. Rab1 Rbc8 36. Rb2 h5 37. Re1 Nd7 38. Nf1 R5c7 39. Rb5 Bb4 40. Rd1 Rc5 41. Rb7 R8c7 42. Rxc7 Rxc7 43. Qe2 Qf4 44. Nfd2 Nc5 45. g3 Qf6 46. Nf3 Nxa4 47. Ncxe5 Nc3 48. Qc2 Re7 49. Qb3+ Kg7 50. Ra1 Rxe5 51. Nxe5 Qxe5 52. f4 Qe7 53. Qc4 Kh7 54. Kg2 Qd7 55. f5 g5 56. Rh1 Kh6 57. Qg8 h4 58. Qg6# 1-0